La liberación de la mujer : año cero /

Gespeichert in:
Bibliographische Detailangaben
1. Verfasser: Balletbò Puig, Anna (autor)
Weitere Verfasser: Capmany, María Aurelia (autor) (autor), Falcón, Lidia (autor) (autor)
Format: Buch
Sprache:Spanisch
Schlagworte:
Tags: Tag hinzufügen
Keine Tags, Fügen Sie das erste Tag hinzu!

MARC

LEADER 00000nam^a2200000^a^4500
001 000029980
005 20250521000000.0
009 20260310084947.29
037 |a Acervo ITESO - Biblioteca 
041 |a ESP 
082 |a 305. 42  |b BAL 
100 |a Balletbò Puig, Anna  |e (autor) 
245 1 3 |a La liberación de la mujer :  |b año cero /  |c A. Balletbo Puig, M.A. Campany, L. Falcón. 
264 |a Barcelona, España :  |b Granica,  |c 1977 
300 |a 236 p. 
336 |a texto  |b txt  |2 rdacontenido 
337 |a sin mediación  |b n  |2 rdamedio 
338 |a volumen  |b nc  |2 rdasoporte 
649 |a XX 
650 |a Feminismo 
650 |a Mujeres 
700 |a Capmany, María Aurelia  |e (autor) 
700 |a Falcón, Lidia  |e (autor) 
910 |a Fondo General 
920 |a Impresos - Libros 
930 |a Colección General 
905 |a 101 
901 |a 0299800100  |b IT1  |c ACC  |i 029980  |u 20250521 
902 |a https://opac.biblio.iteso.mx/vufind/Record/000029980